| 000 | 01048nam0a22002771 4500 | ||
|---|---|---|---|
| 001 | rc\295446 | ||
| 005 | 20250621023248.0 | ||
| 010 |
_a5-247-01263-1 _92260 |
||
| 035 | _a(NLR Aleph) 005526216 | ||
| 090 |
_a5560881 _c5560881 |
||
| 100 | _a20030307d1990 |||y0rusy50 ca | ||
| 101 | 0 | _arus | |
| 102 | _aRU | ||
| 105 | _aa ||||||||| | ||
| 200 | 1 |
_aГеологические структуры _f[Такеши Уемура, Шинджиро Мицутани, Кеньи Яири и др.] _gПод ред. Такеши Уемуры, Шинджиро Мицутани _gПеревод с англ.: Е.Н. Толстой |
|
| 210 |
_aМ. _cНедра _d1990 |
||
| 215 |
_a291, [1] с. _cил. _d22 |
||
| 300 | _aАвт. указаны в огл. | ||
| 320 | _aБиблиогр.: с. 285-289 (123 назв.) | ||
| 320 | _aПеревод изд.: Geological structures (Chichester etc.) | ||
| 701 | 1 |
_aУемура _bТ. _gТакеши |
|
| 801 | 0 |
_aRU _bNLR _gpsbo |
|
| 801 | 1 |
_aRU _bELAR _2rusmarc |
|
| 852 |
_aNLR _j90-5/3817 |
||
| 942 | _cBOOK | ||
| 980 | _aNB | ||